000 00289nam a22001337a 4500
008 180112b xxu||||| |||| 00| 0 eng d
020 _a9789951437554
041 _aeng
080 _a32
100 _a20
101 _aPOL
245 _aVETËQEVERISJA LOKALE
_cFAZLIU,R
942 _2udc
_cBK
999 _c40220
_d40220